000 00575nas a22001817a 4500
008 130419t20119999ag ||||| |||| 00| 0 spa d
245 _aColeccion Trabajos Distinguidos
260 _aBuenos Aires,
_bSociedad Iberoamericana de Informacion Cientifica:
_c2011
300 _av. :
440 _aClinica Medica
_92035
546 _aespaƱol
590 _aIndizada en: SIIC Data Bases
590 _aExistencias: 2011 16(1)
650 _aMEDICINA CLINICA
_92036
650 _aMEDICINA INTERNA
_91738
856 _uhttp://www.siicsalud.com/lmr/siicdatabases.php
942 _2ddc
_cCR
999 _c1325
_d1325